| 000 | 005840000a22001810004500 | ||
|---|---|---|---|
| 003 | MACL | ||
| 005 | 20160131161442.0 | ||
| 008 | 160131b xxu||||| |||| 00| 0 eng d | ||
| 040 |
_aMACL _cMACL |
||
| 041 | _aHindi | ||
| 082 | _a350 | ||
| 100 |
_aबसु रूमकी _936398 |
||
| 245 | _aलोक प्रशासन संकल्पनाऍ एवं सिद्धांत | ||
| 260 |
_bजवाहर पब्लिशर्स _aनई दिल्ली |
||
| 350 | _a217 | ||
| 650 |
_aलोक प्रशासन _936378 |
||
| 942 |
_cHIN _k350 _2ddc |
||
| 999 |
_c45520 _d45520 |
||